000 00371nam a22001457a 4500
005 20171207095544.0
008 150330b xxu||||| |||| 00| 0 eng d
020 _a0026757516
041 0 _aeng
080 _a721 DAI
100 _a27
101 _aDAI
245 _aManufacturing Technology :
_c Robert A. Daiber ; Thomas L. Erekson
942 _2udc
_cBK
999 _c587
_d587